Diversidad y distribución de los coleópteros coprófagos (<Scarabaeidea: Scarabaeinae>) en bosques de montaña en Colombia (Registro nro. 10710)

Detalles MARC
000 -CABECERA
Campo de control 006350000a22001690004500
090 ## - CLASIFICACIÓN LOCAL
Colección AR
Consecutivo 01630
041 0# - IDIOMA
Código de idioma para texto/pista de sonido o título separado
100 1# - ASIENTO PRINCIPAL--NOMBRE PERSONAL
Nombre personal Escobar Sarria, Federico
245 10 - MENCION DE TITULO
Título Diversidad y distribución de los coleópteros coprófagos (<Scarabaeidea: Scarabaeinae>) en bosques de montaña en Colombia
650 14 - ASIENTO SECUNDARIO DE MATERIA - TERMINO TEMATICO
Término temático o nombre geográfico como elemento de entrada Patrones de diversidad
650 14 - ASIENTO SECUNDARIO DE MATERIA - TERMINO TEMATICO
Término temático o nombre geográfico como elemento de entrada Distribución de insectos
650 14 - ASIENTO SECUNDARIO DE MATERIA - TERMINO TEMATICO
Término temático o nombre geográfico como elemento de entrada Bosques de montaña
651 #4 - ASIENTO SECUNDARIO DE MATERIA - NOMBRE GEOGRAFICO
-- Cordillera de Los Andes
-- Colombia
653 ## - TERMINO DE INDIZACION - NO CONTROLADO
-- Scarabaeinae
773 1# - Item fuente:
Título Memorias III Reunión Latinoamericana de Escarabeidología
Especificación de materiales 77
Paginas del Articulo 56-58
Lugar, editorial y fecha de publicación 1997
942 ## - ELEMENTOS ADICIONALES (KOHA)
Tipo de ítem Artículo
Existencias
Withdrawn status Lost status Damaged status No para préstamo Colección Ubicación Permanente Ubicación actual Fecha de adquisición Datos de publicación Seriada Total Checkouts Número topográfico Inventario / Código de Barras Date last seen Ejemplar Price effective from Forma de adquisición Tipo de material
      No para Préstamo Hemeroteca Bogotá Bogotá 27/02/2015 Fuera de circulación   AR 01630 011992 25/03/2015 1 25/03/2015   Artículo
      No para Préstamo Hemeroteca Bogotá Bogotá 27/02/2015 Fuera de circulación   AR 01630 011993 25/03/2015 2 25/03/2015   Artículo
      No para Préstamo Hemeroteca Bogotá Bogotá 27/02/2015 Fuera de circulación   AR 01630 011994 25/03/2015 3 25/03/2015   Artículo